000 00356 a2200109 4500
001 ART_41068
005 20260410161754.0
008 260409a
245 1 0 _aAlcances de la ley del arrepentido en materia penal tributaria y previsional
100 1 _aSequeira, Marcos A.
773 0 _tDoctrina tributaria
_g- NÂș 443 (feb. 2017)
_wREV4296
999 _c19951
_d19951